[Event "Russian Championship (women blitz)"]
[Site "Sochi"]
[Date "2017.10.02"]
[Round "1.10"]
[White "Getman, Tatyana"]
[Black "Voit, Daria"]
[Result "0-1"]
[LiveChessVersion "1.4.8"]
[BlackElo "2323"]
[WhiteElo "1979"]

1. d4 {[%clk 0:03:03]} Nf6 {[%clk 0:03:03]} 2. c4 {[%clk 0:03:04]} e6
{[%clk 0:03:04]} 3. Nf3 {[%clk 0:03:05]} Bb4+ {[%clk 0:03:04]} 4. Bd2
{[%clk 0:03:06]} c5 {[%clk 0:03:04]} 5. e3 {[%clk 0:03:04]} O-O {[%clk 0:03:03]}
6. Bd3 {[%clk 0:03:03]} b6 {[%clk 0:03:03]} 7. O-O {[%clk 0:02:53]} Bb7
{[%clk 0:03:02]} 8. Bxb4 {[%clk 0:02:44]} cxb4 {[%clk 0:03:03]} 9. Nbd2
{[%clk 0:02:44]} d6 {[%clk 0:02:59]} 10. Qe2 {[%clk 0:02:23]} Qc7
{[%clk 0:02:59]} 11. Rac1 {[%clk 0:02:21]} Nc6 {[%clk 0:02:52]} 12. e4
{[%clk 0:02:16]} e5 {[%clk 0:02:52]} 13. dxe5 {[%clk 0:01:53]} Nxe5
{[%clk 0:02:24]} 14. Nxe5 {[%clk 0:01:52]} dxe5 {[%clk 0:02:24]} 15. Rfd1
{[%clk 0:01:52]} Nd7 {[%clk 0:02:19]} 16. Nf1 {[%clk 0:01:50]} Nc5
{[%clk 0:02:18]} 17. Bb1 {[%clk 0:01:37]} Rad8 {[%clk 0:02:16]} 18. b3
{[%clk 0:01:32]} Ne6 {[%clk 0:02:11]} 19. Ne3 {[%clk 0:01:25]} Nd4
{[%clk 0:02:09]} 20. Qg4 {[%clk 0:01:23]} Rd6 {[%clk 0:02:09]} 21. Bd3
{[%clk 0:01:02]} Rfd8 {[%clk 0:01:58]} 22. Nd5 {[%clk 0:01:01]} Bxd5
{[%clk 0:01:34]} 23. exd5 {[%clk 0:00:47]} g6 {[%clk 0:01:02]} 24. Re1
{[%clk 0:00:27]} f5 {[%clk 0:00:19]} 25. Qg5 {[%clk 0:00:27]} e4 {[%clk 0:00:19]}
26. Bf1 {[%clk 0:00:27]} Qg7 {[%clk 0:00:18]} 27. Rcd1 {[%clk 0:00:17]} Nc6
{[%clk 0:00:13]} 28. Be2 {[%clk 0:00:17]} Ne5 {[%clk 0:00:13]} 29. h3
{[%clk 0:00:14]} Qf6 {[%clk 0:00:11]} 30. Qxf6 {[%clk 0:00:13]} Rxf6
{[%clk 0:00:12]} 31. f4 {[%clk 0:00:07]} Nd7 {[%clk 0:00:09]} 32. Kf2
{[%clk 0:00:07]} Nc5 {[%clk 0:00:10]} 33. Ke3 {[%clk 0:00:08]} a5
{[%clk 0:00:10]} 34. g4 {[%clk 0:00:07]} Kf7 {[%clk 0:00:09]} 35. g5
{[%clk 0:00:08]} Rfd6 {[%clk 0:00:09]} 36. Bf1 {[%clk 0:00:09]} h6
{[%clk 0:00:08]} 37. h4 {[%clk 0:00:10]} hxg5 {[%clk 0:00:09]} 38. hxg5
{[%clk 0:00:11]} Rh8 {[%clk 0:00:10]} 39. Bg2 {[%clk 0:00:12]} Rh2
{[%clk 0:00:10]} 40. Rd2 {[%clk 0:00:08]} Rd8 {[%clk 0:00:09]} 41. Rh1
{[%clk 0:00:09]} Rxh1 {[%clk 0:00:06]} 42. Bxh1 {[%clk 0:00:10]} Rh8
{[%clk 0:00:07]} 43. Bg2 {[%clk 0:00:09]} Ke7 {[%clk 0:00:06]} 44. Kd4
{[%clk 0:00:04]} Kd6 {[%clk 0:00:07]} 45. Ke3 Nd3 {[%clk 0:00:08]} 46. Kd4
{[%clk 0:00:06]} Rh4 {[%clk 0:00:08]} 47. Ke3 {[%clk 0:00:04]} Nxf4
{[%clk 0:00:09]} 48. Bf1 {[%clk 0:00:05]} Nh3 {[%clk 0:00:09]} 49. Rh2
{[%clk 0:00:06]} f4+ {[%clk 0:00:09]} 50. Kxe4 {[%clk 0:00:07]} Nxg5+
{[%clk 0:00:09]} 51. Kxf4 {[%clk 0:00:07]} 0-1

[Event "Russian Championship (women blitz)"]
[Site "Sochi"]
[Date "2017.10.02"]
[Round "1.14"]
[White "Belkova, Diana"]
[Black "Vasilevich, Tatjana"]
[Result "1-0"]
[LiveChessVersion "1.4.8"]
[BlackElo "2229"]
[WhiteElo "1906"]

1. e4 {[%clk 0:03:03]} c5 {[%clk 0:03:04]} 2. Nf3 {[%clk 0:03:03]} a6
{[%clk 0:03:05]} 3. c3 {[%clk 0:03:04]} e6 {[%clk 0:03:06]} 4. d4
{[%clk 0:03:05]} d5 {[%clk 0:03:07]} 5. e5 {[%clk 0:03:06]} Bd7 {[%clk 0:03:07]}
6. Be3 {[%clk 0:03:00]} Qb6 {[%clk 0:03:06]} 7. Qd2 {[%clk 0:02:43]} Nc6
{[%clk 0:02:54]} 8. Bd3 {[%clk 0:02:21]} Nh6 {[%clk 0:02:48]} 9. O-O
{[%clk 0:02:17]} Ng4 {[%clk 0:02:43]} 10. dxc5 {[%clk 0:01:33]} Bxc5
{[%clk 0:02:41]} 11. Bxc5 {[%clk 0:01:34]} Qxc5 {[%clk 0:02:41]} 12. Qf4
{[%clk 0:01:34]} h5 {[%clk 0:02:03]} 13. Qg5 {[%clk 0:01:09]} g6 {[%clk 0:01:37]}
14. Nbd2 {[%clk 0:01:01]} Qe7 {[%clk 0:01:24]} 15. Qxe7+ {[%clk 0:00:47]} Kxe7
{[%clk 0:01:21]} 16. Rae1 {[%clk 0:00:47]} Rhc8 {[%clk 0:01:01]} 17. Nb3
{[%clk 0:00:48]} b5 {[%clk 0:00:54]} 18. a3 {[%clk 0:00:31]} Rc7 {[%clk 0:00:42]}
19. h3 {[%clk 0:00:18]} Nh6 {[%clk 0:00:43]} 20. Ng5 {[%clk 0:00:19]} Rb8
{[%clk 0:00:34]} 21. f4 {[%clk 0:00:17]} a5 {[%clk 0:00:32]} 22. Nf3
{[%clk 0:00:11]} b4 {[%clk 0:00:32]} 23. axb4 {[%clk 0:00:11]} axb4
{[%clk 0:00:33]} 24. cxb4 {[%clk 0:00:08]} Rxb4 {[%clk 0:00:29]} 25. Nc5
{[%clk 0:00:08]} Rxf4 {[%clk 0:00:27]} 26. Nxd7 {[%clk 0:00:08]} Rxd7
{[%clk 0:00:27]} 27. Bb5 {[%clk 0:00:10]} Rc7 {[%clk 0:00:27]} 28. Rc1
{[%clk 0:00:10]} Kd7 {[%clk 0:00:12]} 29. Rc5 {[%clk 0:00:09]} Nf5
{[%clk 0:00:04]} 30. Rd1 {[%clk 0:00:07]} Nfe7 {[%clk 0:00:05]} 31. Rdc1
{[%clk 0:00:06]} Rb4 {[%clk 0:00:03]} 32. Kf2 {[%clk 0:00:07]} Ke8 33. R1c2 1-0

[Event "Russian Championship (women blitz)"]
[Site "Sochi"]
[Date "2017.10.02"]
[Round "1.16"]
[White "Garifullina, Leya"]
[Black "Gritsayeva, Oksana"]
[Result "1/2-1/2"]
[LiveChessVersion "1.4.8"]
[BlackElo "2216"]
[WhiteElo "1872"]

1. e4 {[%clk 0:02:59]} g6 {[%clk 0:03:04]} 2. d4 {[%clk 0:02:57]} Bg7
{[%clk 0:03:05]} 3. Nc3 {[%clk 0:02:41]} c6 {[%clk 0:03:07]} 4. Be3
{[%clk 0:02:09]} d5 {[%clk 0:03:08]} 5. Nf3 {[%clk 0:01:52]} Bg4 {[%clk 0:03:01]}
6. exd5 {[%clk 0:01:36]} cxd5 {[%clk 0:03:00]} 7. h3 {[%clk 0:01:35]} Bxf3
{[%clk 0:02:30]} 8. Qxf3 {[%clk 0:01:36]} e6 {[%clk 0:02:23]} 9. Bb5+
{[%clk 0:01:06]} Nc6 {[%clk 0:02:25]} 10. O-O {[%clk 0:01:01]} Nge7
{[%clk 0:02:22]} 11. Ne2 {[%clk 0:00:53]} O-O {[%clk 0:02:22]} 12. c3
{[%clk 0:00:54]} Qb6 {[%clk 0:02:18]} 13. Bxc6 {[%clk 0:00:47]} Nxc6
{[%clk 0:02:14]} 14. Rab1 {[%clk 0:00:46]} Rac8 {[%clk 0:02:08]} 15. Nc1
{[%clk 0:00:46]} Qa6 {[%clk 0:02:03]} 16. Qe2 {[%clk 0:00:41]} Qxe2
{[%clk 0:01:49]} 17. Nxe2 {[%clk 0:00:41]} Na5 {[%clk 0:01:49]} 18. Rbd1
{[%clk 0:00:21]} b5 {[%clk 0:01:49]} 19. Bc1 {[%clk 0:00:17]} Rfe8
{[%clk 0:01:46]} 20. Nf4 {[%clk 0:00:17]} Bf8 {[%clk 0:01:43]} 21. Nd3
{[%clk 0:00:17]} Nc4 {[%clk 0:01:41]} 22. a3 {[%clk 0:00:13]} a5 {[%clk 0:01:41]}
23. Bf4 {[%clk 0:00:11]} f6 {[%clk 0:01:40]} 24. Bg3 {[%clk 0:00:11]} Kf7
{[%clk 0:01:39]} 25. Rfe1 {[%clk 0:00:12]} Rc6 {[%clk 0:01:29]} 26. Re2
{[%clk 0:00:13]} Rb6 {[%clk 0:01:27]} 27. Rde1 {[%clk 0:00:13]} b4
{[%clk 0:01:23]} 28. axb4 {[%clk 0:00:13]} axb4 {[%clk 0:01:24]} 29. cxb4
{[%clk 0:00:14]} Bxb4 {[%clk 0:01:25]} 30. Rd1 {[%clk 0:00:08]} Bf8
{[%clk 0:01:20]} 31. Rb1 {[%clk 0:00:07]} Rb3 {[%clk 0:01:19]} 32. Nc5
{[%clk 0:00:06]} Bxc5 {[%clk 0:01:18]} 33. dxc5 {[%clk 0:00:07]} e5
{[%clk 0:01:16]} 34. f3 {[%clk 0:00:07]} Rc8 {[%clk 0:01:15]} 35. Bf2
{[%clk 0:00:08]} Ke6 {[%clk 0:01:14]} 36. Rc2 {[%clk 0:00:07]} Rcb8
{[%clk 0:01:11]} 37. Ra1 {[%clk 0:00:07]} Rxb2 {[%clk 0:01:09]} 38. Ra6+
{[%clk 0:00:08]} Kf5 {[%clk 0:01:00]} 39. Rxb2 {[%clk 0:00:09]} Rxb2
{[%clk 0:01:01]} 40. c6 {[%clk 0:00:08]} Rc2 {[%clk 0:00:56]} 41. c7
{[%clk 0:00:07]} Nd2 {[%clk 0:00:53]} 42. Bb6 {[%clk 0:00:05]} e4
{[%clk 0:00:45]} 43. fxe4+ {[%clk 0:00:05]} dxe4 {[%clk 0:00:47]} 44. Ra8
{[%clk 0:00:06]} e3 {[%clk 0:00:44]} 45. Bxe3 {[%clk 0:00:04]} Rxc7
{[%clk 0:00:44]} 46. Bxd2 {[%clk 0:00:05]} Rc2 {[%clk 0:00:45]} 47. Be3
{[%clk 0:00:07]} Ke4 {[%clk 0:00:46]} 48. Bf2 {[%clk 0:00:08]} h5
{[%clk 0:00:47]} 49. Re8+ {[%clk 0:00:09]} Kf5 {[%clk 0:00:48]} 50. Re1
{[%clk 0:00:10]} g5 {[%clk 0:00:49]} 51. Be3 {[%clk 0:00:11]} h4 {[%clk 0:00:48]}
52. Bf2 {[%clk 0:00:12]} Kf4 {[%clk 0:00:48]} 53. Be3+ {[%clk 0:00:12]} Kf5
{[%clk 0:00:49]} 54. Rf1+ {[%clk 0:00:13]} Kg6 {[%clk 0:00:50]} 55. Bd4
{[%clk 0:00:14]} f5 {[%clk 0:00:51]} 56. Re1 {[%clk 0:00:14]} Kh7
{[%clk 0:00:47]} 57. Rf1 {[%clk 0:00:15]} 1/2-1/2

[Event "Russian Championship (women blitz)"]
[Site "Sochi"]
[Date "2017.10.02"]
[Round "2.9"]
[White "Protopopova, Anastasiya"]
[Black "Girya, Olga"]
[Result "0-1"]
[LiveChessVersion "1.4.8"]
[BlackElo "2338"]
[WhiteElo "2009"]

1. d4 {[%clk 0:03:02]} d5 {[%clk 0:03:04]} 2. Nf3 {[%clk 0:03:03]} Nf6
{[%clk 0:03:05]} 3. c4 {[%clk 0:03:04]} c6 {[%clk 0:03:06]} 4. e3
{[%clk 0:03:04]} Bg4 {[%clk 0:03:07]} 5. Nc3 {[%clk 0:03:02]} e6 {[%clk 0:03:09]}
6. h3 {[%clk 0:03:02]} Bh5 {[%clk 0:03:10]} 7. Qb3 {[%clk 0:03:02]} Qb6
{[%clk 0:03:10]} 8. Ne5 {[%clk 0:02:48]} Nbd7 {[%clk 0:03:09]} 9. Nd3
{[%clk 0:02:46]} Bg6 {[%clk 0:02:53]} 10. Qd1 {[%clk 0:02:32]} h6
{[%clk 0:02:45]} 11. Nf4 {[%clk 0:02:29]} Bh7 {[%clk 0:02:46]} 12. g4
{[%clk 0:02:23]} Be7 {[%clk 0:02:31]} 13. cxd5 {[%clk 0:02:12]} exd5
{[%clk 0:02:25]} 14. Bg2 {[%clk 0:02:13]} O-O {[%clk 0:02:13]} 15. h4
{[%clk 0:01:56]} Ne4 {[%clk 0:02:15]} 16. Nxe4 {[%clk 0:01:51]} Bxe4
{[%clk 0:02:12]} 17. Bxe4 {[%clk 0:01:20]} dxe4 18. Kf1 {[%clk 0:01:07]} Rfd8
{[%clk 0:01:44]} 19. b3 {[%clk 0:01:01]} Ne5 {[%clk 0:01:35]} 20. Qc2
{[%clk 0:00:48]} Qb5+ {[%clk 0:01:05]} 21. Kg2 {[%clk 0:00:41]} Nxg4
{[%clk 0:01:01]} 22. Qxe4 {[%clk 0:00:38]} Bd6 {[%clk 0:00:58]} 23. Qf3
{[%clk 0:00:24]} Nf6 {[%clk 0:00:48]} 24. Bb2 {[%clk 0:00:24]} Bxf4
{[%clk 0:00:43]} 25. Qxf4 {[%clk 0:00:18]} Qd5+ {[%clk 0:00:33]} 26. Qf3
{[%clk 0:00:17]} Ne4 {[%clk 0:00:34]} 27. Kh2 {[%clk 0:00:10]} Rd6
{[%clk 0:00:34]} 28. Rag1 {[%clk 0:00:10]} Rf6 {[%clk 0:00:32]} 29. Qg4
{[%clk 0:00:07]} Rxf2+ {[%clk 0:00:26]} 30. Kh3 {[%clk 0:00:06]} Rf3+
{[%clk 0:00:15]} 31. Kh2 {[%clk 0:00:03]} Qd6+ {[%clk 0:00:14]} 32. Kg2
{[%clk 0:00:04]} Rf2+ {[%clk 0:00:14]} 33. Kh3 {[%clk 0:00:03]} g6
{[%clk 0:00:05]} 34. Qxe4 {[%clk 0:00:04]} Rxb2 {[%clk 0:00:06]} 35. Rg2
{[%clk 0:00:03]} Rxg2 {[%clk 0:00:06]} 36. Kxg2 {[%clk 0:00:04]} h5
{[%clk 0:00:06]} 37. Rf1 {[%clk 0:00:05]} Kg7 {[%clk 0:00:05]} 38. Qf3
{[%clk 0:00:06]} Qe7 {[%clk 0:00:06]} 39. e4 {[%clk 0:00:06]} Rd8
{[%clk 0:00:07]} 40. Qf2 {[%clk 0:00:04]} Qxh4 {[%clk 0:00:07]} 41. Qe3
{[%clk 0:00:04]} Qg5+ {[%clk 0:00:07]} 42. Rf4 {[%clk 0:00:05]} Qe7
{[%clk 0:00:07]} 43. Kf2 {[%clk 0:00:05]} Rd5 {[%clk 0:00:07]} 44. e5
{[%clk 0:00:05]} c5 {[%clk 0:00:08]} 45. Rf6 {[%clk 0:00:03]} Qd8
{[%clk 0:00:05]} 46. Qf4 {[%clk 0:00:03]} Qe7 {[%clk 0:00:04]} 47. Qg5
{[%clk 0:00:04]} Qd8 {[%clk 0:00:04]} 48. Qf4 {[%clk 0:00:06]} Rd7
{[%clk 0:00:04]} 49. e6 {[%clk 0:00:04]} fxe6 {[%clk 0:00:04]} 50. Rxe6
{[%clk 0:00:05]} Rxd4 {[%clk 0:00:06]} 51. Qe5+ {[%clk 0:00:06]} Kh6
{[%clk 0:00:06]} 52. Qe3+ {[%clk 0:00:07]} Qg5 {[%clk 0:00:07]} 53. Qxg5+
{[%clk 0:00:06]} Kxg5 {[%clk 0:00:09]} 54. Re5+ {[%clk 0:00:07]} Kf4
{[%clk 0:00:10]} 55. Rxc5 {[%clk 0:00:08]} Rd2+ {[%clk 0:00:11]} 56. Kg1
{[%clk 0:00:08]} Rxa2 {[%clk 0:00:13]} 57. Rc7 {[%clk 0:00:08]} b6
{[%clk 0:00:14]} 58. Rc6 {[%clk 0:00:09]} g5 {[%clk 0:00:15]} 59. Rf6+
{[%clk 0:00:09]} Ke5 0-1

[Event "Russian Championship (women blitz)"]
[Site "Sochi"]
[Date "2017.10.02"]
[Round "2.10"]
[White "Voit, Daria"]
[Black "Getman, Tatyana"]
[Result "0-1"]
[LiveChessVersion "1.4.8"]
[BlackElo "1979"]
[WhiteElo "2323"]

1. d4 {[%clk 0:03:03]} d5 {[%clk 0:03:04]} 2. c4 {[%clk 0:03:04]} e6
{[%clk 0:03:05]} 3. Nf3 {[%clk 0:03:05]} Nf6 {[%clk 0:03:07]} 4. g3
{[%clk 0:03:06]} c6 {[%clk 0:03:07]} 5. Qc2 {[%clk 0:03:06]} Be7 {[%clk 0:03:05]}
6. Bg2 {[%clk 0:03:07]} O-O {[%clk 0:03:05]} 7. O-O {[%clk 0:03:07]} Nbd7
{[%clk 0:03:06]} 8. Rd1 {[%clk 0:03:07]} b6 {[%clk 0:03:03]} 9. Bf4
{[%clk 0:03:05]} Ba6 {[%clk 0:02:51]} 10. b3 {[%clk 0:03:05]} Qc8
{[%clk 0:02:44]} 11. Ne5 {[%clk 0:03:03]} Nxe5 {[%clk 0:02:04]} 12. dxe5
{[%clk 0:03:01]} Nd7 {[%clk 0:02:05]} 13. cxd5 {[%clk 0:02:48]} cxd5
{[%clk 0:02:01]} 14. Qb2 {[%clk 0:02:49]} f6 {[%clk 0:01:49]} 15. e4
{[%clk 0:02:03]} fxe5 {[%clk 0:01:41]} 16. Bd2 {[%clk 0:01:58]} d4
{[%clk 0:01:32]} 17. Na3 {[%clk 0:01:55]} Qd8 {[%clk 0:01:06]} 18. Rac1
{[%clk 0:01:47]} Rc8 {[%clk 0:01:07]} 19. Bh3 {[%clk 0:01:45]} Rf6
{[%clk 0:00:47]} 20. Rxc8 {[%clk 0:01:45]} Bxc8 {[%clk 0:00:42]} 21. Qc2
{[%clk 0:01:34]} Bxa3 {[%clk 0:00:40]} 22. Bg5 {[%clk 0:01:34]} Nc5
{[%clk 0:00:17]} 23. Bxf6 {[%clk 0:00:54]} Qxf6 {[%clk 0:00:17]} 24. Bf1
{[%clk 0:00:55]} Bb7 {[%clk 0:00:15]} 25. Bg2 {[%clk 0:00:47]} d3
{[%clk 0:00:13]} 26. Qc4 {[%clk 0:00:46]} a5 {[%clk 0:00:10]} 27. Qb5
{[%clk 0:00:45]} Qd8 {[%clk 0:00:08]} 28. f3 {[%clk 0:00:43]} Bb2
{[%clk 0:00:07]} 29. Bf1 {[%clk 0:00:40]} d2 {[%clk 0:00:07]} 30. Kg2
{[%clk 0:00:31]} Bc3 {[%clk 0:00:05]} 31. Qc4 {[%clk 0:00:31]} Bb4
{[%clk 0:00:04]} 32. Qb5 {[%clk 0:00:30]} Qd7 {[%clk 0:00:05]} 33. Qc4
{[%clk 0:00:29]} Ba6 {[%clk 0:00:06]} 34. Qc2 {[%clk 0:00:28]} Bxf1+
{[%clk 0:00:06]} 35. Kxf1 {[%clk 0:00:29]} Qd4 {[%clk 0:00:06]} 36. Kg2
{[%clk 0:00:29]} Qc3 {[%clk 0:00:06]} 37. Qb1 {[%clk 0:00:28]} Nd3
{[%clk 0:00:06]} 38. a3 {[%clk 0:00:22]} Bxa3 {[%clk 0:00:05]} 39. Qa2
{[%clk 0:00:24]} Bb4 {[%clk 0:00:06]} 40. Qa4 {[%clk 0:00:24]} Kf7
{[%clk 0:00:04]} 41. Qd7+ {[%clk 0:00:25]} Be7 {[%clk 0:00:05]} 42. h4
{[%clk 0:00:18]} Qc2 {[%clk 0:00:07]} 43. Rf1 {[%clk 0:00:12]} d1=Q+
{[%clk 0:00:08]} 44. Rxd1 {[%clk 0:00:12]} Qxd1 {[%clk 0:00:09]} 45. Qc7
{[%clk 0:00:13]} Qe2+ {[%clk 0:00:09]} 46. Kh3 {[%clk 0:00:13]} Nf2+
{[%clk 0:00:10]} 47. Kg2 {[%clk 0:00:14]} Nxe4+ {[%clk 0:00:10]} 48. Kh3
{[%clk 0:00:15]} Nf2+ {[%clk 0:00:09]} 49. Kg2 {[%clk 0:00:16]} Nd3+
{[%clk 0:00:04]} 50. Kh3 {[%clk 0:00:15]} Qxf3 {[%clk 0:00:04]} 51. Kh2
{[%clk 0:00:13]} Qf2+ {[%clk 0:00:06]} 52. Kh3 {[%clk 0:00:14]} Qf5+
{[%clk 0:00:07]} 53. Kg2 {[%clk 0:00:15]} Qe4+ {[%clk 0:00:07]} 54. Kh2
{[%clk 0:00:15]} Nc5 {[%clk 0:00:08]} 55. Qxb6 {[%clk 0:00:13]} Qd4
{[%clk 0:00:04]} 56. Qxa5 {[%clk 0:00:13]} e4 {[%clk 0:00:05]} 57. Qc7
{[%clk 0:00:13]} e3 {[%clk 0:00:06]} 58. Qc6 {[%clk 0:00:12]} e2 {[%clk 0:00:05]}
59. Qf3+ {[%clk 0:00:13]} Bf6 {[%clk 0:00:04]} 60. Qxe2 Qb2 61. Qxb2
{[%clk 0:00:15]} Bxb2 {[%clk 0:00:07]} 62. b4 {[%clk 0:00:16]} Nb7
{[%clk 0:00:08]} 63. Kg2 {[%clk 0:00:17]} Bc3 {[%clk 0:00:10]} 64. b5
{[%clk 0:00:18]} Nd6 {[%clk 0:00:11]} 65. b6 {[%clk 0:00:19]} Bd4
{[%clk 0:00:13]} 0-1

[Event "Russian Championship (women blitz)"]
[Site "Sochi"]
[Date "2017.10.02"]
[Round "2.15"]
[White "Chan, Naruna"]
[Black "Drozdova, Dina"]
[Result "0-1"]
[LiveChessVersion "1.4.8"]
[BlackElo "2222"]
[WhiteElo "1877"]

1. e4 {[%clk 0:03:03]} d6 {[%clk 0:03:04]} 2. d4 {[%clk 0:03:03]} Nf6
{[%clk 0:03:05]} 3. Nc3 {[%clk 0:03:04]} e5 {[%clk 0:03:06]} 4. dxe5
{[%clk 0:03:02]} dxe5 {[%clk 0:03:07]} 5. Qxd8+ {[%clk 0:03:01]} Kxd8
{[%clk 0:03:08]} 6. Bg5 {[%clk 0:02:57]} Be6 {[%clk 0:03:08]} 7. O-O-O+
{[%clk 0:02:51]} Kc8 {[%clk 0:03:09]} 8. f3 {[%clk 0:02:26]} Nbd7
{[%clk 0:03:03]} 9. Bb5 {[%clk 0:02:10]} c6 {[%clk 0:03:03]} 10. Ba4
{[%clk 0:02:10]} Nc5 {[%clk 0:02:43]} 11. Bb3 {[%clk 0:02:07]} Nxb3+
{[%clk 0:02:43]} 12. axb3 {[%clk 0:02:07]} Nd7 {[%clk 0:02:42]} 13. Nge2
{[%clk 0:01:45]} f6 {[%clk 0:02:42]} 14. Be3 {[%clk 0:01:43]} Kc7
{[%clk 0:02:42]} 15. Rd2 {[%clk 0:01:40]} Bb4 {[%clk 0:02:17]} 16. Rhd1
{[%clk 0:01:39]} Rhd8 {[%clk 0:02:07]} 17. f4 {[%clk 0:01:31]} Bg4
{[%clk 0:01:54]} 18. h3 {[%clk 0:01:27]} Be6 {[%clk 0:01:33]} 19. g4
{[%clk 0:01:20]} h6 {[%clk 0:01:16]} 20. Ng3 {[%clk 0:01:17]} Bf8
{[%clk 0:00:59]} 21. Nf5 {[%clk 0:00:59]} Bxf5 {[%clk 0:00:58]} 22. exf5
{[%clk 0:00:58]} Bb4 {[%clk 0:00:53]} 23. Rd3 {[%clk 0:00:48]} Bxc3
{[%clk 0:00:39]} 24. bxc3 {[%clk 0:00:45]} a5 {[%clk 0:00:24]} 25. Kb2
{[%clk 0:00:43]} a4 {[%clk 0:00:24]} 26. Ra1 {[%clk 0:00:40]} axb3
{[%clk 0:00:21]} 27. cxb3 {[%clk 0:00:40]} Rxa1 {[%clk 0:00:21]} 28. Kxa1
{[%clk 0:00:41]} e4 {[%clk 0:00:21]} 29. Rd2 {[%clk 0:00:36]} b6 {[%clk 0:00:16]}
30. Kb2 {[%clk 0:00:36]} Re8 {[%clk 0:00:15]} 31. h4 {[%clk 0:00:33]} c5
{[%clk 0:00:15]} 32. g5 {[%clk 0:00:28]} Kc6 {[%clk 0:00:16]} 33. Rg2
{[%clk 0:00:27]} b5 {[%clk 0:00:11]} 34. gxh6 {[%clk 0:00:26]} gxh6
{[%clk 0:00:13]} 35. Rg6 {[%clk 0:00:27]} Rh8 {[%clk 0:00:13]} 36. Kc2
{[%clk 0:00:20]} h5 {[%clk 0:00:13]} 37. c4 {[%clk 0:00:12]} bxc4
{[%clk 0:00:13]} 38. bxc4 {[%clk 0:00:13]} Ra8 {[%clk 0:00:13]} 39. Rh6
{[%clk 0:00:13]} Ra3 {[%clk 0:00:14]} 40. Kd2 {[%clk 0:00:10]} Ra2+
{[%clk 0:00:14]} 41. Kd1 {[%clk 0:00:10]} Ra3 {[%clk 0:00:13]} 42. Kd2
{[%clk 0:00:10]} Rd3+ {[%clk 0:00:13]} 43. Ke2 {[%clk 0:00:11]} Rc3
{[%clk 0:00:14]} 44. Rxh5 {[%clk 0:00:11]} Rxc4 {[%clk 0:00:15]} 45. Rh8
{[%clk 0:00:11]} Rc2+ {[%clk 0:00:16]} 46. Kd1 {[%clk 0:00:11]} Rh2
{[%clk 0:00:16]} 47. h5 {[%clk 0:00:12]} Nb6 {[%clk 0:00:17]} 48. h6
{[%clk 0:00:10]} Nc4 {[%clk 0:00:19]} 49. Bc1 {[%clk 0:00:08]} e3
{[%clk 0:00:19]} 50. Bxe3 {[%clk 0:00:07]} Nxe3+ {[%clk 0:00:20]} 51. h7 0-1

[Event "Russian Championship (women blitz)"]
[Site "Sochi"]
[Date "2017.10.02"]
[Round "3.4"]
[White "Kharmunova, Nadezhda"]
[Black "Kashlinskaya, Alina"]
[Result "1-0"]
[LiveChessVersion "1.4.8"]
[BlackElo "2390"]
[WhiteElo "2143"]

1. Nf3 {[%clk 0:03:03]} Nf6 {[%clk 0:03:04]} 2. g3 {[%clk 0:03:02]} g6
{[%clk 0:03:05]} 3. Bg2 Bg7 4. O-O {[%clk 0:03:02]} O-O {[%clk 0:03:07]} 5. c4
{[%clk 0:03:03]} d6 {[%clk 0:03:08]} 6. Nc3 {[%clk 0:03:03]} e5 {[%clk 0:03:07]}
7. d3 {[%clk 0:03:00]} Nc6 {[%clk 0:03:04]} 8. h3 {[%clk 0:02:53]} h6
{[%clk 0:03:05]} 9. Kh2 {[%clk 0:02:53]} Be6 {[%clk 0:03:06]} 10. Rb1
{[%clk 0:02:52]} a5 {[%clk 0:03:08]} 11. b3 {[%clk 0:02:48]} Nh7 {[%clk 0:02:59]}
12. Nd5 {[%clk 0:02:47]} f5 {[%clk 0:02:58]} 13. e4 {[%clk 0:02:37]} g5
{[%clk 0:02:46]} 14. exf5 {[%clk 0:02:29]} Bxf5 {[%clk 0:02:47]} 15. Be3
{[%clk 0:02:16]} Qd7 {[%clk 0:02:36]} 16. Qd2 {[%clk 0:02:08]} e4
{[%clk 0:02:29]} 17. Ne1 {[%clk 0:02:01]} exd3 {[%clk 0:02:27]} 18. Nxd3
{[%clk 0:02:02]} Rae8 {[%clk 0:02:09]} 19. Rbe1 {[%clk 0:01:59]} Nf6
{[%clk 0:02:05]} 20. Nxf6+ {[%clk 0:01:45]} Bxf6 {[%clk 0:02:06]} 21. f4
{[%clk 0:01:42]} Qg7 {[%clk 0:01:27]} 22. fxg5 {[%clk 0:01:39]} Rxe3
{[%clk 0:01:11]} 23. Rxf5 {[%clk 0:01:10]} Bxg5 {[%clk 0:01:06]} 24. Rxg5
{[%clk 0:01:10]} Qxg5 {[%clk 0:01:03]} 25. Qxe3 {[%clk 0:01:11]} Qg7
{[%clk 0:00:57]} 26. Bxc6 {[%clk 0:01:01]} bxc6 {[%clk 0:00:58]} 27. Nf4
{[%clk 0:01:01]} Kh8 {[%clk 0:00:40]} 28. Qe7 {[%clk 0:00:59]} Rf7
{[%clk 0:00:36]} 29. Qe8+ {[%clk 0:00:55]} Kh7 {[%clk 0:00:38]} 30. Qe4+
{[%clk 0:00:50]} Kg8 {[%clk 0:00:38]} 31. Qxc6 {[%clk 0:00:49]} Qc3
{[%clk 0:00:21]} 32. Qe8+ {[%clk 0:00:43]} Kg7 {[%clk 0:00:22]} 33. Ne6+
{[%clk 0:00:39]} Kg6 {[%clk 0:00:19]} 34. Qg8+ {[%clk 0:00:39]} Kf6
{[%clk 0:00:10]} 35. Qh8+ {[%clk 0:00:38]} Qd4 1-0

[Event "Russian Championship (women blitz)"]
[Site "Sochi"]
[Date "2017.10.02"]
[Round "3.14"]
[White "Vasilevich, Tatjana"]
[Black "Getman, Tatyana"]
[Result "0-1"]
[LiveChessVersion "1.4.8"]
[BlackElo "1979"]
[WhiteElo "2229"]

1. d4 {[%clk 0:03:03]} d5 {[%clk 0:03:04]} 2. c4 {[%clk 0:03:05]} e6
{[%clk 0:03:05]} 3. Nc3 {[%clk 0:03:05]} Nf6 {[%clk 0:03:06]} 4. cxd5
{[%clk 0:03:06]} exd5 {[%clk 0:03:07]} 5. Bg5 {[%clk 0:03:07]} Bb4
{[%clk 0:03:05]} 6. e3 {[%clk 0:03:06]} O-O {[%clk 0:03:04]} 7. Bd3
{[%clk 0:03:05]} Nbd7 {[%clk 0:03:01]} 8. Nge2 {[%clk 0:03:03]} c6
{[%clk 0:03:00]} 9. Qc2 {[%clk 0:02:59]} h6 {[%clk 0:03:01]} 10. Bh4
{[%clk 0:02:59]} Re8 {[%clk 0:02:59]} 11. O-O {[%clk 0:02:57]} Be7
{[%clk 0:02:56]} 12. Rab1 {[%clk 0:02:42]} Ne4 {[%clk 0:02:50]} 13. Bg3
{[%clk 0:02:35]} Nxg3 {[%clk 0:02:39]} 14. Nxg3 {[%clk 0:02:35]} Nf6
{[%clk 0:02:33]} 15. b4 {[%clk 0:02:34]} b6 {[%clk 0:02:10]} 16. b5
{[%clk 0:02:27]} c5 {[%clk 0:02:09]} 17. dxc5 {[%clk 0:02:28]} bxc5
{[%clk 0:02:08]} 18. Rfd1 {[%clk 0:02:19]} Qc7 {[%clk 0:01:48]} 19. Be2
{[%clk 0:02:07]} Bb7 {[%clk 0:01:48]} 20. Bf3 {[%clk 0:02:08]} Rad8
{[%clk 0:01:49]} 21. a4 {[%clk 0:01:56]} d4 {[%clk 0:01:24]} 22. Bxb7
{[%clk 0:01:52]} Qxb7 {[%clk 0:01:25]} 23. exd4 {[%clk 0:01:42]} cxd4
{[%clk 0:01:26]} 24. Nce2 {[%clk 0:01:34]} Qb6 {[%clk 0:01:08]} 25. Rd3
{[%clk 0:01:20]} Rd7 {[%clk 0:00:35]} 26. Qd2 {[%clk 0:01:14]} Red8
{[%clk 0:00:30]} 27. a5 {[%clk 0:01:11]} Qc5 {[%clk 0:00:26]} 28. b6
{[%clk 0:01:01]} axb6 {[%clk 0:00:27]} 29. axb6 {[%clk 0:01:00]} Rb7
{[%clk 0:00:23]} 30. Qb2 {[%clk 0:00:50]} Rdb8 {[%clk 0:00:18]} 31. Rb3
{[%clk 0:00:42]} d3 {[%clk 0:00:15]} 32. Rb5 {[%clk 0:00:30]} Qd6
{[%clk 0:00:12]} 33. Nf5 {[%clk 0:00:26]} Qd8 {[%clk 0:00:11]} 34. Nxe7+
{[%clk 0:00:20]} Qxe7 {[%clk 0:00:10]} 35. Ng3 {[%clk 0:00:17]} Qd8
{[%clk 0:00:07]} 36. Nf5 {[%clk 0:00:07]} d2 {[%clk 0:00:07]} 37. Ne3
{[%clk 0:00:07]} Ne4 {[%clk 0:00:05]} 38. f3 {[%clk 0:00:00]} Ng5
{[%clk 0:00:05]} 39. Nf5 {[%clk 0:00:00]} Ne6 {[%clk 0:00:05]} 40. Re5 0-1